| 000 -LEADER | |
|---|---|
| fixed length control field | 00413nam a2200145 a 4500 |
| 001 - CONTROL NUMBER | |
| control field | :::00018332$&:&@@ |
| 003 - CONTROL NUMBER IDENTIFIER | |
| control field | OkBaRHE |
| 005 - DATE AND TIME OF LATEST TRANSACTION | |
| control field | 20100331142413.0 |
| 008 - FIXED-LENGTH DATA ELEMENTS--GENERAL INFORMATION | |
| fixed length control field | j 000 0 eng u |
| 040 ## - CATALOGING SOURCE | |
| Transcribing agency | |
| 100 1# - MAIN ENTRY--PERSONAL NAME | |
| Personal name | Lambert, Gussie |
| 245 10 - TITLE STATEMENT | |
| Title | Gleaming from galatians. |
| 942 ## - ADDED ENTRY ELEMENTS (KOHA) | |
| Source of classification or shelving scheme | |
| Koha item type | Books |
| Permanent Location | Full call number | Withdrawn status | Date last seen | Source of classification or shelving scheme | Lost status | Copy number | Shelving location | Koha item type | Price effective from | Not for loan | Damaged status | Date acquired | Barcode |
|---|---|---|---|---|---|---|---|---|---|---|---|---|---|
| RHEMA Bible Training College | BS 2685 .L28 G58 | 2018-04-03 | 1 | General Stacks | Books | 2010-04-14 | 2010-04-14 | 18332 |